Advances in environmental remote sensing : (Record no. 168075)

MARC details
000 -LEADER
fixed length control field 00844cam a22002414a 4500
008 - FIXED-LENGTH DATA ELEMENTS--GENERAL INFORMATION
fixed length control field
020 ## - INTERNATIONAL STANDARD BOOK NUMBER
International Standard Book Number 9781138072916 (pbk.)
049 ## - LOCAL HOLDINGS (OCLC)
Holding library MAIN
090 ## - LOCALLY ASSIGNED LC-TYPE CALL NUMBER (OCLC); LOCAL CALL NUMBER (RLIN)
Classification number (OCLC) (R) ; Classification number, CALL (RLIN) (NR) GE45.R44
Local cutter number (OCLC) ; Book number/undivided call number, CALL (RLIN) ADV
003 - CONTROL NUMBER IDENTIFIER
control field
005 - DATE AND TIME OF LATEST TRANSACTION
control field 20230123141125.0
040 ## - CATALOGING SOURCE
Transcribing agency NUST
245 00 - TITLE STATEMENT
Title Advances in environmental remote sensing :
Remainder of title sensors, algorithms, and applications/
Statement of responsibility, etc. edited by Qihao Weng.
260 ## - PUBLICATION, DISTRIBUTION, ETC.
Place of publication, distribution, etc. Boca Raton :
Name of publisher, distributor, etc. CRC Press,
Date of publication, distribution, etc. c2011.
300 ## - PHYSICAL DESCRIPTION
Extent xxii, 556 p. :
Other physical details ill. (some col.), maps (some col.) ;
Dimensions 26 cm.
490 0# - SERIES STATEMENT
Series statement Taylor & Francis series in remote sensing applications series
500 ## - GENERAL NOTE
General note Includes index.
504 ## - BIBLIOGRAPHY, ETC. NOTE
Bibliography, etc. note Includes bibliographical references.
650 #0 - SUBJECT ADDED ENTRY--TOPICAL TERM
Topical term or geographic name entry element Environmental sciences
General subdivision Remote sensing.
700 1# - ADDED ENTRY--PERSONAL NAME
Personal name Weng, Qihao.
907 ## - LOCAL DATA ELEMENT G, LDG (RLIN)
a .b10392518
b 20-09-18
c 20-09-18
942 ## - ADDED ENTRY ELEMENTS (KOHA)
Koha item type Ordinary Loan Books
Call number prefix GE45.R44
Call number suffix ADV
Holdings
Date last seen Total Checkouts Full call number Barcode Cost, replacement price Price effective from Koha item type Lost status Source of classification or shelving scheme Damaged status Not for loan Collection Withdrawn status Home library Current library Shelving location Date acquired Cost, normal purchase price
01/23/2023   GE45.R44 ADV 92004044878 80.00 01/23/2023 BOOKS   LCC     NFIC   MAIN MAIN GEN 01/23/2023 80.00